Nomeie tudo o que podemos ver no espaço - Statistics

Estatísticas Gerais
  • Esse quiz foi jogado 156 vezes
  • A pontuação média é 9 de 16
Estatísticas das Respostas
Hint Resposta % Correto
1 Lua
92%
1 Sol
87%
1 Estrela
84%
1 Marte
72%
1 Júpiter
69%
1 Saturno
68%
1 Planeta
67%
1 Urano
67%
1 Vênus
66%
1 Netuno
64%
1 Mercúrio
60%
1 Plutão
54%
1 Terra
48%
2 via Láctea
19%
2 Corpo celestial
1%
1 Exoplaneta
1%
Nenhum quiz correspondente encontrado
Distribuição das Pontuações
Porcentagem de Pessoas com Cada Pontuação
Percentil de Números Respondidos
Sua Pontuação Histórica
Você não jogou esse quiz